Az Amerikai Egyesült Államokban dolgozó külföldi munkavállalók kulturális tapasztalatai

Bibliographic Details
Main Author: Zajovics Nóra
Other Authors: Szegedi Dr. habil Krisztina
Format: Thesis
Kulcsszavak:Amerikai Egyesült Államok
Külföldi munkavállalók
Kultúra
Kommunikáció
Kutatásmódszertan
Kérdőív
Online Access:http://dolgozattar.uni-bge.hu/15403

MARC

LEADER 00000nta a2200000 i 4500
001 dolg15403
005 20200324090526.0
008 180503suuuu hu om 000 hun d
040 |a BGE Dolgozattár Repozitórium  |b hun 
041 |a hu 
100 1 |a Zajovics Nóra 
245 1 3 |a Az Amerikai Egyesült Államokban dolgozó külföldi munkavállalók kulturális tapasztalatai  |c Zajovics Nóra  |h [elektronikus dokumentum] 
695 |a Amerikai Egyesült Államok 
695 |a Külföldi munkavállalók 
695 |a Kultúra 
695 |a Kommunikáció 
695 |a Kutatásmódszertan 
695 |a Kérdőív 
700 1 |a Szegedi Dr. habil Krisztina  |e ths 
856 4 0 |u http://dolgozattar.uni-bge.hu/15403/1/V%C3%A9gleges%20szakdolgozat%20Zajovics%20N%C3%B3ra.pdf  |z Dokumentum-elérés